000 00804cam a22002411 4500
001 sg 44000139
003 DLC
005 20260227112743.0
008 810920s1943 xx b 000 0 eng
010 _asg 44000139
035 _a(OCoLC)14736673
040 _aDLC
_cDNLM
_dDLC
042 _apremarc
050 0 0 _aRG101
_b.C45
060 0 _aWP 140
_bC443L 1943
100 1 _aChamberlin, James Allen,
_d1911-
245 1 0 _aLectures on gynecological pathology,
_cby James Allen Chamberlin, M. D.
260 _aNew Orleans, La.,
_bDept. of gynecology, Tulane university of Louisiana
_c[c1943]
300 _avi numb. l., 1 l., 171 (i. e. 182), 13 numb. l.
500 _aReproduced from type-written copy.
500 _aIncludes extra numbered leaves.
504 _a"References" at end of each chapter.
999 _c90393
_d90393